000
00315nam a2200121Ia 4500
008
240624s9999 xx 000 0 und d
041
_a
eng
082
_a
005.133 EVJ
100
_a
EVJEN BILL
245
_a
VISUAL BASIC NET PROGRAMMING BIBLE
260
_c
2004
_a
New Delhi
_b
Wiley Dreamtech India
300
_a
xxxii, : 1240
999
_c
947
_d
947